The Gospel according to Mark : (Record no. 6789)

MARC details
000 -LEADER
fixed length control field 00979cam a2200289 a 4500
001 - CONTROL NUMBER
control field 84451
003 - CONTROL NUMBER IDENTIFIER
control field GBCCL
005 - DATE AND TIME OF LATEST TRANSACTION
control field 20241126110611.0
008 - FIXED-LENGTH DATA ELEMENTS--GENERAL INFORMATION
fixed length control field 730808s1974 miu b 001 0 eng
010 ## -
-- 73076529 //r83
020 ## - INTERNATIONAL STANDARD BOOK NUMBER
International Standard Book Number 0802823408
035 ## - SYSTEM CONTROL NUMBER
System control number (OCoLC)00855036
040 ## - CATALOGING SOURCE
Original cataloging agency DLC
Transcribing agency DLC
Modifying agency LBB
049 ## -
-- LBBK
-- 1-3
-- LBBT
-- LBBU
-- LBBC
-- 1-2
-- LBBA
-- 1-4
050 0# -
-- BS2585.3
-- .L36
082 0# - DEWEY DECIMAL CLASSIFICATION NUMBER
Classification number 225.77
Item number NEW
090 ## - LOCALLY ASSIGNED LC-TYPE CALL NUMBER (OCLC); LOCAL CALL NUMBER (RLIN)
Classification number (OCLC) (R) ; Classification number, CALL (RLIN) (NR) BS2585.3
Local cutter number (OCLC) ; Book number/undivided call number, CALL (RLIN) .L36
130 0# -
-- Bible.
-- N.T.
-- Mark.
-- English.
-- 1974.
-- 12174
245 14 - TITLE STATEMENT
Title The Gospel according to Mark :
Remainder of title the English text with introduction, exposition, and notes /
Statement of responsibility, etc. by William L. Lane.
260 ## - PUBLICATION, DISTRIBUTION, ETC.
Place of publication, distribution, etc. Grand Rapids :
Name of publisher, distributor, etc. Eerdmans,
Date of publication, distribution, etc. c1974.
300 ## - PHYSICAL DESCRIPTION
Extent xvi, 652 p. ;
Dimensions 23 cm.
440 #0 - SERIES STATEMENT/ADDED ENTRY--TITLE
Title The New international commentary on the New Testament
9 (RLIN) 9874
504 ## - BIBLIOGRAPHY, ETC. NOTE
Bibliography, etc. note Includes bibliographical references.
630 00 - SUBJECT ADDED ENTRY--UNIFORM TITLE
Uniform title Bible.
Name of part/section of a work N.T.
-- Mark
Form subdivision Commentaries.
9 (RLIN) 3987
700 1# - ADDED ENTRY--PERSONAL NAME
Personal name Lane, William L.,
Dates associated with a name 1931-
9 (RLIN) 12175
942 ## - ADDED ENTRY ELEMENTS (KOHA)
Source of classification or shelving scheme Dewey Decimal Classification
Koha item type Reference Books
Holdings
Withdrawn status Lost status Source of classification or shelving scheme Damaged status Not for loan Home library Current Library Shelving location Date acquired Total checkouts Full call number Barcode Date last seen Copy number Price effective from Koha item type
    Dewey Decimal Classification     GRACE BIBLE COLLEGE GRACE BIBLE COLLEGE Commentary 2018-06-28   225.77 NEW 000199 2025-05-01 v.2 2018-06-28 Reference Books
© Grace Bible College Library 2025